000 01010nam2a22002771 4500
001 RU\NLR\INFOCOMM20\5000038211
005 20250806204901.0
035 _a(NLR Aleph) 002429081
090 _a55686
_c55686
100 _a20050207d1941 u y0rusy50 ca
101 0 _arus
102 _aRU
105 _ay ||||000|y
200 1 _aМеханизированная догрузка плотов на воде
_fД.И. Кожанов
210 _d1941
461 0 _1001RU\NLR\INFOCOMM20\5000038127
_12001#$aТехническая информация$fМ-во лес. и бум. пром. СССР. Главлесосплав. Волжско-Кам. филиал ЦНИИЛесосплава$v№30
700 1 _aКожанов
_bД.И.
_4070
801 1 _aRU
_bInfoComm
_c20050207
801 0 _aRU
_bNLR
_gPSBO
852 _aNLR
_bС60
_jГ-4/25
942 _cISSUE
945 _aРоссийская национальная библиотека
980 _aNB
980 _aBV
980 _aRUSPER